000 00434nam a2200181Ia 4500
001 18992
005 20260306171711.0
008 260306s9999||||xx |||||||||||||| ||und||
041 _aESP
082 _a658.72
_bE79
100 _aEscudero Serrano, María José
_eAUT
245 0 _aGestión de compras
260 _c2014
300 _aviii, 275 páginas :
_c27 cm.
650 _aGEN
654 _aCAN
942 _cLIB
_dJUS
_fJUS
_2ddc
_n
999 _c18992
_d18992